| 000 | 00952nam a22002655a 4500 | ||
|---|---|---|---|
| 001 | 15630077 | ||
| 005 | 20090219070603.0 | ||
| 008 | 090219s2009 ohu 000 0 eng | ||
| 010 | _a 2009923272 | ||
| 020 | _a0495411388 | ||
| 020 | _a9780495411383 | ||
| 040 |
_aDLC _cDLC |
||
| 082 |
_222 _a004.16 _bVAL |
||
| 100 | 1 |
_aValvano, W. Jonathan. _923502 |
|
| 245 | 1 | 0 |
_aIntroduction to Embedded Systems : _bInterfacing to the Freescale 9S12 / _cJonathan W. Valvano. |
| 260 |
_aMason, OH : _bCengage Learning Thomson, 2009 _c2009. |
||
| 300 |
_a559 p. : _bill.; _c25 cm. |
||
| 500 | _aIncludes index | ||
| 650 |
_923503 _aComputer interfaces |
||
| 650 |
_923377 _aEmbedded computer systems. |
||
| 653 |
_bCS _cApril2011 |
||
| 942 |
_2ddc _cBB |
||
| 999 |
_c15223 _d15223 |
||